Online
Catalog

Dirección y control de tránsito / (Record no. 35801)

MARC details
000 -CABECERA
campo de control de longitud fija 00817nam a2200205 a 4500
001 - NÚMERO DE CONTROL
campo de control 000036310
005 - FECHA Y HORA DE LA ÚLTIMA TRANSACCIÓN
campo de control 20200930075648.0
008 - DATOS DE LONGITUD FIJA--INFORMACIÓN GENERAL
campo de control de longitud fija 120113s1972 mx 000 0 spa d
040 ## - FUENTE DE LA CATALOGACIÓN
Centro catalogador/agencia de origen DO-SdBNP
Lengua de catalogación spa
Centro/agencia transcriptor BNPHU
100 1# - ENTRADA PRINCIPAL--NOMBRE DE PERSONA
Nombre de persona Weston, Paul B.
9 (RLIN) 62457
245 10 - MENCIÓN DE TÍTULO
Título Dirección y control de tránsito /
Mención de responsabilidad, etc. Paul B. Weston ; versión española Leonor Tejada Conde-Pelayo ; revisión Jorge Peña Reyes.
260 ## - PUBLICACIÓN, DISTRIBUCIÓN, ETC.
Lugar de publicación, distribución, etc. México :
Nombre del editor, distribuidor, etc. Limusa-Wiley,
Fecha de publicación, distribución, etc. 1972.
300 ## - DESCRIPCIÓN FÍSICA
Extensión 273 p ;
Dimensiones 23 cm.
500 ## - NOTA GENERAL
Nota general A pie de portada: Centro Regional de Ayuda Técnica, Agencia para el Desarrollo Internacional (AID)
650 24 - PUNTO DE ACCESO ADICIONAL DE MATERIA--TÉRMINO DE MATERIA
Término de materia o nombre geográfico como elemento de entrada Control de tránsito
9 (RLIN) 62458
650 24 - PUNTO DE ACCESO ADICIONAL DE MATERIA--TÉRMINO DE MATERIA
Término de materia o nombre geográfico como elemento de entrada Tránsito terrestre
9 (RLIN) 62459
650 24 - PUNTO DE ACCESO ADICIONAL DE MATERIA--TÉRMINO DE MATERIA
Término de materia o nombre geográfico como elemento de entrada Policía de tránsito
9 (RLIN) 62460
700 1# - PUNTO DE ACCESO ADICIONAL--NOMBRE DE PERSONA
Nombre de persona Tejada Conde-Pelayo, Leonor,
Término indicativo de función/relación trad.
9 (RLIN) 5231
700 1# - PUNTO DE ACCESO ADICIONAL--NOMBRE DE PERSONA
Nombre de persona Peña Reyes, Jorge,
Término indicativo de función/relación rev.
9 (RLIN) 62461
Holdings
Estado de retiro Estado de pérdida Restricciones de uso No para préstamo Código de colección Localización permanente Ubicación/localización actual Ubicación en estantería Fecha de adquisición Número de inventario Total de préstamos Signatura topográfica completa Código de barras Fecha visto por última vez Precio válido a partir de Tipo de ítem Koha
      Excluido de préstamo Monografías: Libros y Folletos General General Depósito 13.01.2012 LF1   36311-10 25.06.2020 25.06.2020 No se presta

Powered by Koha